000 00437nam a2200181Ia 4500
001 18397
005 20260306171627.0
008 260306s9999||||xx |||||||||||||| ||und||
041 _aESP
082 _a658.4038
_bS17
100 _aSaltz, Jeffrey S.
_eAUT
245 0 _aData science for business witn R
260 _c2022
300 _axxxii, 389 páginas :
_c23 cm.
650 _aGEN
654 _aCAN
942 _cLIB
_dJUS
_fJUS
_2ddc
_n
999 _c18397
_d18397